000 00849cac a22002291u 4500
090 _c5660
008 081112t1993 xxu||||| |||| 00| 0 eng d
010 _a92019117
020 _a0745610390 (acid-free paper)
020 _a0745610404 (pbk. : acid-free paper)
082 0 0 _a170
_bNUT
100 _aNuttall, Jon.
245 1 0 _aMoral questions :
_ban introduction to ethics /
_cJon Nuttall.
260 _aCambridge, UK ;
_aCambridge, MA, USA :
_bPolity Press,
_c1993.
300 _axiv, 214 p. ;
_c24 cm.
500 _adistributer: Al-Ahram
504 _aIncludes bibliographical references (p. [208]-211) and index.
511 _acatalogued by: wessam
650 0 _aEthics.
942 _cBB
_k170NUT
_2ddc
999 _c5660
_d5660